000 00699nam a22002537a 4500
003 UA-OsUOA
001 23614
007 ta
008 20040216b un ||||| |||| 00| 0 ukr d
100 _aАйхлер В.
090 _a329.1
_bА37
942 _cBK
040 _aUA-OsUOA
_bukr
_cUA-OsUOA
_dUA-OsUOA
245 _aЕтичний реалізм
_bвибрані праці з питань соціал-демократичної теоріїї
300 _a192 с.
955 _a1
041 _aukr
080 _a329.1
020 _a966-7856-10-0
260 _aКиїв
_bОсновні Цінності
_c2001
044 _aUA
650 7 _a32 Політика
_2UDC
999 _c309866
_d309866